Io Sono Dio

সংরক্ষণ করুন:
গ্রন্থ-পঞ্জীর বিবরন
প্রধান লেখক: Giorgio Faletti
বিন্যাস: গ্রন্থ
ভাষা:অজানা বা ভুল ভাষা
প্রকাশিত: Balduini Castoldi Dalai
ট্যাগগুলো: ট্যাগ যুক্ত করুন
কোনো ট্যাগ নেই, প্রথমজন হিসাবে ট্যাগ করুন!

MARC

LEADER 00000nam a2200000Ia 4500
001 R-1212
003 CODICE-MESSINA
005 20260212102504.0
008 260211s9999 xx 000 0 und d
040 |c importazione_messina 
100 |a Giorgio Faletti 
245 0 |a Io Sono Dio 
260 |b Balduini Castoldi Dalai 
942 |2 ddc  |c BK 
952 |0 0  |1 0  |2 ddc  |4 0  |6 SCAFFALE_11_000000000000000__ROMANZI  |7 0  |9 32045  |a ME  |b ME  |d 2026-02-11  |l 0  |o SCAFFALE 11 - ROMANZI  |p R-1212  |r 2026-02-11 23:52:56  |w 2026-02-11  |x [REVISIONARE]  |y BK 
952 |0 0  |1 0  |2 ddc  |4 0  |6 853_920000000000000_FAL_SON  |7 0  |9 33319  |a VT  |b VT  |d 2026-03-31  |e Dono di Luca Bonomi  |i B616  |l 0  |o 853.92 FAL SON  |p B616  |r 2026-03-31 19:15:31  |w 2026-03-31  |y BK  |z Dono di Luca Bonomi 
999 |c 27712  |d 27712